| 000 | 00502nam a2200181Ia 4500 | ||
|---|---|---|---|
| 008 | 090124s9999 xx 000 0 und d | ||
| 082 | _b34947 | ||
| 100 | _aरांजणकर यशवंत | ||
| 245 | _a सौदा | ||
| 250 | _a1 | ||
| 260 |
_bएस. के प्रकाशन _c1998 |
||
| 300 | _a160 | ||
| 600 | _aरांजणकर यशवंत | ||
| 630 | _a सौदा | ||
| 700 | _aरांजणकर यशवंत | ||
| 730 | _a सौदा | ||
| 942 | _cBOOK | ||
| 999 |
_c100868 _d100868 |
||